Statistiques concernant Capitales côtières européennes

Cliquez ici pour prendre le quiz!

Statistiques générales

  • Ce quiz a été pris 113 fois
  • Le résultat moyen est 9 sur 12

Statistiques - réponses

pays ville % Correct
GreeceAthènes
92%
PortugalLisbonne
88%
NorwayOslo
88%
SwedenStockholm
83%
DenmarkCopenhague
82%
FinlandHelsinki
80%
EstoniaTallinn
78%
IrelandDublin
76%
LatviaRiga
74%
MaltaLa Valette
73%
MonacoMonaco
73%
IcelandReykjavik
58%

Distribution des résultats

Percentile par nombre de réponses

% des personnes avec chaque résultat

Votre développement - résultats

Vous n’avez pas pris ce quiz